| 000 -LEADER |
| fixed length control field |
02212nam a2200241Ia 4500 |
| 001 - CONTROL NUMBER |
| control field |
18587 |
| 003 - CONTROL NUMBER IDENTIFIER |
| control field |
GE_BSU |
| 008 - FIXED-LENGTH DATA ELEMENTS--GENERAL INFORMATION |
| fixed length control field |
181216s||||||||xx |||||||||||||| ||und|| |
| 020 ## - INTERNATIONAL STANDARD BOOK NUMBER |
| International Standard Book Number |
9789941043109 |
| 040 ## - CATALOGING SOURCE |
| Transcribing agency |
GE_BSU |
| 080 ## - UNIVERSAL DECIMAL CLASSIFICATION NUMBER |
| Universal Decimal Classification number |
913(479.22) |
| 245 ## - TITLE STATEMENT |
| Title |
ატლასი საქართველოს ტერიტორიისთვის დამახასიათებელი ბუნებრივი სტიქიური მოვლენების საფრთხეებისა და რისკების:ATLAS:OF NATURAL HAZARDS&RISKS OF GEORGIA |
| 245 ## - TITLE STATEMENT |
| Statement of responsibility, etc. |
მონაწილეები:კეის ვან ვესტენი,პროექტის დირექტორი:ნანა ჯანაშია,მენო სტრასმა და სხვ. |
| 260 ## - PUBLICATION, DISTRIBUTION, ETC. |
| Place of publication, distribution, etc. |
თბილისი |
| 260 ## - PUBLICATION, DISTRIBUTION, ETC. |
| Name of publisher, distributor, etc. |
გ.გ |
| 260 ## - PUBLICATION, DISTRIBUTION, ETC. |
| Date of publication, distribution, etc. |
2016 |
| 300 ## - PHYSICAL DESCRIPTION |
| Extent |
110გვ;ილ,რუკ,30სმ. |
| 520 ## - SUMMARY, ETC. |
| Summary, etc. |
ENPARD:სოფლისა და სოფლის მეურნეობის განვითარების პროგრამა დაფინანსებულია ევროკავშირის მიერ. |
| 653 ## - INDEX TERM--UNCONTROLLED |
| Uncontrolled term |
ატლასი საქართველოს ტერიტორიისთვის დამახასიათებელი ბუნებრივი სტიქიური მოვლენების საფრთხეებისა და რისკების |
| 653 ## - INDEX TERM--UNCONTROLLED |
| Uncontrolled term |
განხორციელდა სხვადასხვა ტიპის საშიში ბუნებრივი პროცესების რისკის შეფასება კონკრეტულ მგალითებზე თანამედროვე ტექნოლოგიებისა და მიდგომების გამოყენებით.შეფასებები და კვლევები მომზადდა და გავრცელდა საინფორმაციო მასალის სახით. |
| 653 ## - INDEX TERM--UNCONTROLLED |
| Uncontrolled term |
გეოგრაფია |
| 942 ## - ADDED ENTRY ELEMENTS (KOHA) |
| Koha item type |
წიგნი |